La nación latinoamericana /

Đã lưu trong:
Chi tiết về thư mục
Tác giả chính: Ugarte, Manuel, 1878-1951
Định dạng: Không biết
Ngôn ngữ:Spanish
Được phát hành: Caracas, Venezuela : Biblioteca Ayacucho, 1978.
Những chủ đề:
Các nhãn: Thêm thẻ
Không có thẻ, Là người đầu tiên thẻ bản ghi này!

MARC

LEADER 000000000a22000000004500
001 012037
041 0 |a spa 
082 0 4 |a 980   |b U26n 
100 1 |a Ugarte, Manuel,   |d 1878-1951 
245 1 3 |a La nación latinoamericana /   |c Manuel Ugarte. 
260 1 |a Caracas, Venezuela :   |b Biblioteca Ayacucho,   |c 1978. 
300 |a xxvii, 447 páginas 
500 |a Material disponible en BCMA 
650 4 |a AMERICA LATINA 
650 4 |a HISTORIA 
500 |a Colección George Yúdice 
999 |c 18052  |d 18052 
942 |c BK  |h 980 U26n  |2 z